Relaciones de Chile sacadas de los antiguos cronistas de Indias y otros autores
Uloženo v:
| Hlavní autoři: | , , , , , , , , , |
|---|---|
| Další autoři: | , |
| Médium: | Kniha |
| Jazyk: | španělština |
| Vydáno: |
Santiago, Chile
Imprenta Elzeviriana
1901
|
| Vydání: | Primera edición |
| Edice: | Colección de Historiadores de Chile y de Documentos relativos a la Historia Nacional,
27-29 |
| Témata: | |
| Tagy: |
Přidat tag
Žádné tagy, Buďte první, kdo vytvoří štítek k tomuto záznamu!
|
MARC
| LEADER | 00000nam a2200000 a 4500 | ||
|---|---|---|---|
| 001 | UCJ4444 | ||
| 003 | CL-VaPUC | ||
| 005 | 20211113074328.0 | ||
| 008 | 070124e19010000CL |||||||||||||||||spa|d | ||
| 999 | |c 320560 |d 320558 | ||
| 040 | |c Pontificia Universidad Católica de Valparaíso | ||
| 082 | 0 | 4 | |a 983 MED 1901 |2 21 |
| 245 | 1 | 0 | |a Relaciones de Chile sacadas de los antiguos cronistas de Indias y otros autores |
| 246 | 1 | 0 | |a Historia General y Natural de las Indias, islas y tierra firme del Mar Océano |
| 246 | 1 | 0 | |a Descubrimiento y Conquista del Perú |
| 246 | 1 | 0 | |a Historia General de las Indias |
| 246 | 1 | 0 | |a Geografía y Descripción Universal de las Indias |
| 246 | 1 | 0 | |a Descripción de las islas y tierra firme del Mar Océano que llaman Indias Occidentales |
| 246 | 1 | 4 | |a Los Cinco Libros llamados Quinquenarios |
| 246 | 1 | 0 | |a Quinquenarios |
| 246 | 1 | 0 | |a Conquista de las islas Molucas |
| 246 | 1 | 0 | |a Grandezas de Indias |
| 246 | 1 | 0 | |a Teatro Eclesiástico de la primitiva Iglesia de las Indias Occidentales |
| 246 | 1 | 0 | |a Teatro Eclesiástico de la Santa ciudad Imperial de la Concepción de Chile |
| 246 | 1 | 0 | |a Historia del origen de la América ó Indias Occidentales |
| 246 | 1 | 0 | |a Historia General de las Indias Occidentales, Década Nona |
| 246 | 1 | 0 | |a Trofeos gloriosos de los reyes de España en la Conquista de la América |
| 246 | 1 | 0 | |a Historia del Perú |
| 246 | 1 | 0 | |a Comentarios Reales del Perú |
| 246 | 1 | 0 | |a Noticias Sacras y Reales de las Indias Occidentales |
| 246 | 1 | 0 | |a Relación de los agravios que los indios de Chile padecen |
| 250 | |a Primera edición | ||
| 260 | |a Santiago, Chile |b Imprenta Elzeviriana |c 1901 | ||
| 300 | |a 2 volúmenes | ||
| 490 | 0 | |a Colección de Historiadores de Chile y de Documentos relativos a la Historia Nacional, |v 27-29 | |
| 500 | |a Recopilación crítica de textos relativos a Chile extractados de cronistas españoles | ||
| 583 | |a last modification |c 20170518 01:52:02 |k Rodrigo Vera | ||
| 650 | 0 | |a Historia de Chile |9 265473 | |
| 650 | 7 | |a CRONISTAS ESPAÑOLES |2 CL-VaPUC |9 504754 |z CHILE | |
| 650 | 0 | |a Descubrimientos geográficos |z CHILE |9 331933 | |
| 650 | 0 | |a Colonización española |z CHILE |9 256592 | |
| 700 | 0 | |a Fernández de Oviedo y Valdés, Gonzalo |e author |9 508145 | |
| 700 | 0 | |a Zárate, Agustín de |e author |9 508146 | |
| 700 | |a López de Gómara, Francisco |e autor |9 860883 | ||
| 700 | |a López de Velasco, Juan |e autor |9 508147 | ||
| 700 | 0 | |a Herrera, Antonio de |e author |9 342308 | |
| 700 | |a Gutiérrez de Santa Clara, Pedro |e author |9 514333 | ||
| 700 | 0 | |a Argensola, Bartolomé Leonardo de |e author |9 508149 | |
| 700 | 0 | |a Villalobos, Gabriel de |e author |9 508150 | |
| 700 | 0 | |a González Dávila, Gil |e author |9 508151 | |
| 700 | 0 | |a Fernández del Pulgar, Pedro |e author |9 508152 | |
| 700 | |a Vega, Garcilaso de la |e author |9 508868 | ||
| 700 | 0 | |a Diez de la Calle, Juan |e author |9 508153 | |
| 852 | |a BIBCUR | ||
| 942 | |c BK |2 ddc | ||
| 945 | |d 20070124 00:00:00 |a rinostro | ||
| 952 | |0 0 |1 0 |2 ddc |4 0 |6 983_000000000000000_MED_1901 |7 0 |8 X |9 399105 |a FDOBUD |b FDOBUD |d 2019-11-22 |h v.1 |i 1000268 |o 983 MED 1901 |p 1000268 |r 2019-11-22 |t 1 |w 2019-11-22 |y BK_X |k BUD | ||
| 952 | |0 0 |1 0 |2 ddc |4 0 |6 983_000000000000000_MED_1901 |7 0 |8 X |9 399106 |a FDOBUD |b FDOBUD |d 2019-11-22 |h v.2 |i 1000284 |o 983 MED 1901 |p 1000284 |r 2019-11-22 |t 1 |w 2019-11-22 |y BK_X |k BUD | ||